| 000 | 00766nam a2200229 a 4500 | ||
|---|---|---|---|
| 001 | 48800 | ||
| 003 | BD-RjUL | ||
| 005 | 20211209054604.0 | ||
| 008 | 160816s1969 bg |||| ||| 000 0 ben d | ||
| 020 | _c: Tk. 2.25 | ||
| 035 | _a(BD-RjUL)48919 | ||
| 040 |
_aBD-RjUL _bben _cBD-RjUL _dBD-RjUL |
||
| 041 | _aben | ||
| 082 |
_223 _a891.442 _bKHD 1969 |
||
| 100 | 1 |
_aখালেক, খোন্দাকার _9147144 |
|
| 245 | 1 | 0 |
_aদুই-দাবাড়ে / _cখোন্দাকার খালেক |
| 260 |
_aঢাকা : _b আনিস ব্রাদার্স, _c১৯৬৯ |
||
| 300 |
_a[৬] ৯৮ পৃ. : _c১৮ সেমি. |
||
| 650 |
_aবাংলানাটক _9147094 |
||
| 650 |
_aBengali drama _9147145 |
||
| 942 |
_2ddc _cBK |
||
| 999 |
_c48800 _d48800 |
||